|
|
|
|
| LEADER |
00681nam a2200205 a 4500 |
| 001 |
c000261075 |
| 003 |
CARM |
| 005 |
20070522151103.0 |
| 008 |
070522s1969 xna 000 1 eng d |
| 019 |
1 |
|
|a 43799560
|5 LACONCORD2021
|
| 035 |
|
|
|a (OCoLC)302206564
|5 LACONCORD2021
|
| 040 |
|
|
|a VCAV
|b eng
|c VCAV
|
| 042 |
|
|
|a anuc
|
| 100 |
1 |
|
|a Kent, Jim.
|
| 245 |
1 |
0 |
|a Death's wake /
|c Jim Kent.
|
| 260 |
|
|
|a Sydney :
|b Scripts,
|c c1969.
|
| 300 |
|
|
|a 124 p.
|
| 852 |
8 |
|
|b CARM
|h A1:AO03A0
|i A04303
|p 0378208
|f BK
|
| 999 |
f |
f |
|i 2b8ae909-8602-569a-883b-283b3a742a97
|s 8673f7ba-d047-532a-b4b3-ac4e17244e18
|
| 952 |
f |
f |
|p Can circulate
|a CAVAL
|b CAVAL
|c CAVAL
|d CARM 1 Store
|e A04303
|f A1:AO03A0
|h Other scheme
|i book
|m 0378208
|